书目信息 |
| 题名: |
汽油机混合气形成
|
|
| 作者: | 伦茨教授 著 | |
| 分册: | ||
| 出版信息: | 上海 同济大学出版社 1998.05 |
|
| 页数: | 284页 | |
| 开本: | 16开 | |
| 丛书名: | ||
| 单 册: | ||
| 中图分类: | TK4 | |
| 科图分类: | ||
| 主题词: | 内燃机--工程 , 内燃机 | |
| 电子资源: | ||
| ISBN: | 7-5608-1864-1 | |
| 000 | 00601nam0 2200205 45 | |
| 001 | 0009151673 | |
| 005 | 20000915160532.6 | |
| 010 | @a7-5608-1864-1@d50.00元 | |
| 100 | @a20000915d1998 km y0chiy0120 ea | |
| 101 | 0 | @achi |
| 105 | @a z 000yy | |
| 200 | 1 | @a汽油机混合气形成@AQi You Ji Hun He Qi Xing Cheng@f伦茨教授著;倪计民译@FLun Ci Jiao Shou Zhu;Ni Ji Min Yi |
| 210 | @a上海@c同济大学出版社@d1998.05 | |
| 215 | @a284页@d16开 | |
| 606 | 0 | @a内燃机@x工程 |
| 606 | 0 | @a内燃机 |
| 690 | @aTK4@v3 | |
| 701 | 0 | @a伦茨教授@4著 |
| 801 | @aCN@bPftUser@c20000915 | |
| 905 | @b144056-057@dTK4@eL.315:6@f2 | |
| 汽油机混合气形成/伦茨教授著;倪计民译.-上海:同济大学出版社,1998.05 |
| 284页;16开 |
| ISBN 7-5608-1864-1:50.00元 |
| ● |
| 相关链接 |
|
|
|
正题名:汽油机混合气形成
索取号:TK4/L.315:6
 
预约/预借
| 序号 | 登录号 | 条形码 | 馆藏地/架位号 | 状态 | 备注 |
| 1 | 144056 | 201440565 | 自科库501/501自科库 135排4列3层/ [索取号:TK4/L.315:6] | 在馆 | |
| 2 | 144057 | 201440574 | 自科二线504/504自科库 14排2列5层/ [索取号:TK4/L.315:6] | 在馆 |